02465cam a22004575i 45000010009000000050017000090080041000260100017000670200018000840350024001020400008001260410013001340420014001470500011001611000034001722450163002062460038003692600043004073000046004504900019004965000024005155000056005395050209005955200518008045460028013226500037013506500069013876500066014566500060015226500034015826550025016166550034016416550036016756550047017116550036017587000041017947000045018359420008018809520104018889990015019922392015620250523064245.0241112t20182018enka 000 1 rus d a 2024404751 a9781473683495 a(OCoLC)on1077723446 ctbs arusaeng alccopycat aH359.4 aRichards, Ollyeauthor91240310aShort stories in Russianb: read for pleasure at your level and learn Russian the fun wayc/ Olly Richards and Alex Rawlings ; series editor, Rebecca Moeller.1 iAt head of title:aTeach yourself aLondon :bHodder and Stoughton,c2018. axvi, 270 pages :billustrations ;c20 cm. aTeach yourself a"CEFR A2-B1"--Cover a"Foreign language graded reader series"--Back cover aMapped to A2-B1 on the Common European Framework of Reference — A glossary for bolded words in each text — A bilingual word list — Full plot summary — Comprehension questions after each chapter. aThis book offers eight engaging stories across various genres—like science fiction, crime, history, and thrillers—to make language learning enjoyable and effective. It uses controlled vocabulary (including the 1,000 most frequent words) and authentic dialogues to build your confidence and improve your speaking skills. With accessible grammar, glossaries, bilingual word lists, plot summaries, and comprehension questions, it provides a fun, frustration-free way to learn and retain a new language naturally. aIn Russian and English. 0aRussian languagevReaders925294 0aRussian languagevTextbooks for foreign speakersxEnglish925295 0aRussian languagexStudy and teachingxForeign speakers925296 0aReading comprehensionvProblems, exercises, etc.925107 0aShort stories, Russian925297 0aShort stories922375 0aReaders (Publications)925108 0aTextbooksvfor English speakers 0aInstructional and educational works923270 0aSelf-instructional works925331 aRawlings, Alexd1991-eauthor925298 aMoeller, Rebecca Klevbergeeditor925299 2lcc 00102lcc4070aTBSbTBSd2025-05-22l0oREADER-RU RICpB05869r2025-05-22t1w2025-05-22yRUSSIAN c4693d4693